000 00683nam a22002057a 4500
001 4691
003 FISKH
005 20250505140810.0
008 240920b cb ||||| |||| 00| 0 eng d
040 _aFISKH
_bBilingual
_cFISKH
_dFISKH
100 _aSotheary, Kimsun
_eauthor
245 _aភ្នំប៉ាយ៉ង់កោរ /
_cby Kimsun Sotheary : illustrated by Thai San
260 _aភ្នំពេញ :
_bReading Book ;
_c២០០៨ .
300 _a44 pages :
_bcolor illustrations ;
_c26 cm .
490 _3ពិភពរឿងនិទាន
505 _aP
521 8 _a600
_bLexile estimate
521 8 _aO
_bRaz-Plus
942 _2ddc
_cKHB
_n0
999 _c4691
_d4691